[Event "Lichtenberger Sommer 2023"]
[Site "Berlin"]
[Date "2023.08.16"]
[Round "5.26"]
[White "Amelang, Thomas"]
[Black "Heppert, Lars"]
[Result "1/2-1/2"]
[WhiteElo "2141"]
[BlackElo "1887"]
[PlyCount "104"]
[EventDate "2023.??.??"]
[WhiteTeam "Münchener SC 1836 e.V."]
[BlackTeam "SK Neuburg"]

1. e4 c6 2. d4 d5 3. Nc3 dxe4 4. Nxe4 Nf6 5. Nxf6+ exf6 6. Be3 Bd6 7. Bd3 O-O
8. Ne2 f5 9. Qd2 a5 10. c4 Re8 11. O-O-O a4 12. a3 Be6 13. Qc2 g6 14. h4 Na6
15. h5 Nc7 16. Nf4 b5 17. Nxe6 Nxe6 18. hxg6 fxg6 19. Kb1 Qf6 20. cxb5 cxb5 21.
Bxb5 Rec8 22. Bc4 h5 23. Rhe1 Kh7 24. Bc1 Nd8 25. Re8 Nf7 26. Rxc8 Rxc8 27.
Qxa4 Bf8 28. g3 Bg7 29. Bxf7 Qxf7 30. Rd3 Qb7 31. Qd1 Qe4 32. f3 Qb7 33. Rb3
Qd5 34. Qd3 Rc4 35. Rb4 Rxb4 36. axb4 Qxd4 37. Qxd4 Bxd4 38. Kc2 Bf2 39. Bf4 g5
40. Bc7 h4 41. gxh4 gxh4 42. b5 h3 43. Bh2 Kg6 44. Kd3 Kf6 45. Ke2 Bd4 46. Kf1
Ke6 47. b3 Kd5 48. Bg1 Be5 49. Be3 Bg3 50. Kg1 f4 51. Bb6 Kd6 52. Kh1 h2
1/2-1/2

[Event "Lichtenberger Sommer 2023"]
[Site "Berlin"]
[Date "2023.08.16"]
[Round "5.27"]
[White "Zur, Jan"]
[Black "Kapp, Frank"]
[Result "1-0"]
[WhiteElo "2122"]
[BlackElo "1861"]
[PlyCount "89"]
[EventDate "2023.??.??"]
[WhiteTeam "SC Rotation Pankow e.V."]
[BlackTeam "TSV IFA Chemnitz"]

1. e4 e6 2. d4 d5 3. Nd2 c5 4. Ngf3 Nc6 5. exd5 Qxd5 6. Bc4 Qd8 7. Nb3 Nxd4 8.
Nbxd4 cxd4 9. Nxd4 Nf6 10. O-O Be7 11. c3 O-O 12. Qc2 Qc7 13. Bd3 a6 14. Bg5 h6
15. Bh4 Ng4 16. Bg3 Bd6 17. Bxd6 Qxd6 18. Nf3 Nf6 19. Rad1 Qc7 20. c4 Bd7 21.
Rfe1 Bc6 22. Ne5 Rad8 23. b4 b6 24. c5 b5 25. a4 Be4 26. Bxe4 Rxd1 27. Qxd1
Nxe4 28. Rxe4 Rd8 29. Rd4 Rxd4 30. Qxd4 bxa4 31. Nc4 Qc6 32. h3 f6 33. Na5 Qc7
34. c6 Kf7 35. Qc3 Ke7 36. Qc5+ Ke8 37. Nc4 Qe7 38. Nd6+ Kd8 39. Qb6+ Qc7 40.
Nb7+ Kc8 41. Qxa6 Qe5 42. Nc5+ Kd8 43. Qa8+ Ke7 44. Qb7+ Ke8 45. Qd7+ 1-0

[Event "Lichtenberger Sommer 2023"]
[Site "Berlin"]
[Date "2023.08.16"]
[Round "5.28"]
[White "Stark, Ingo"]
[Black "Matthes, Benjamin"]
[Result "1-0"]
[WhiteElo "2106"]
[BlackElo "1848"]
[PlyCount "65"]
[EventDate "2023.??.??"]
[WhiteTeam "TSG Oberschöneweide e.V."]
[BlackTeam "SC Oranienburg e.V."]

1. e4 c5 2. Nf3 Nc6 3. d4 cxd4 4. Nxd4 Nf6 5. Nc3 d6 6. Be2 g6 7. Be3 Bg7 8.
O-O O-O 9. h3 Nxd4 10. Bxd4 e5 11. Be3 Be6 12. Qd2 d5 13. exd5 Nxd5 14. Nxd5
Qxd5 15. Qb4 Qc6 16. c4 Rfd8 17. Rad1 a6 18. b3 f5 19. Bb6 Rxd1 20. Rxd1 Bf8
21. Qa5 e4 22. Bd4 Bg7 23. Bxg7 Kxg7 24. Qe5+ Kf7 25. Rd6 Qe8 26. c5 Rd8 27.
Rxe6 Rd1+ 28. Kh2 Qxe6 29. Bc4 Qxc4 30. bxc4 Rb1 31. h4 Rb4 32. Qd5+ Kf6 33. c6
1-0

[Event "Lichtenberger Sommer 2023"]
[Site "Berlin"]
[Date "2023.08.16"]
[Round "5.29"]
[White "Geldner, Gerrit"]
[Black "Vogel, Robert"]
[Result "0-1"]
[WhiteElo "1900"]
[BlackElo "2104"]
[PlyCount "86"]
[EventDate "2023.??.??"]
[WhiteTeam "SV Roter Turm Halle"]
[BlackTeam "SK M nchen S dost e.V."]

{[%evp 0,86,19,-12,56,48,39,1,1,0,15,6,6,-14,13,-2,2,-11,18,17,28,21,36,15,15,
19,44,65,85,-63,60,34,55,33,67,27,20,25,28,9,29,34,43,45,46,54,22,24,17,-65,
-65,-67,-53,-53,-53,-142,-136,-322,-398,-498,-509,-1311,-952,-972,-311,-348,
-361,-1077,-1158,-1158,-1234,-1240,-1250,-1288,-1315,-29981,-29982,-29983,
-29984,-29985,-29986,-29989,-29990,-29991,-29992,-29997,-29998,-29999,-29998]} 
1. c4 g6 2. Nc3 Bg7 3. g3 e5 4. Bg2 Nc6 5. d3 d6 6. e4 Nh6 7. Nge2 O-O 8. h4 f5
9. Bg5 Qd7 10. Nd5 Ng4 11. f3 Nf6 12. Qd2 Nxd5 13. cxd5 Nd8 14. Bh6 b6 15. Bxg7
Qxg7 16. Rc1 Ba6 17. Nc3 Rc8 18. b4 Nf7 19. Qe3 Rce8 20. Ne2 Re7 21. a4 Nd8 22.
O-O f4 23. gxf4 exf4 24. Qf2 Bxd3 25. Rfd1 Bxe2 26. Qxe2 Nf7 27. Qa6 Ne5 28.
Qxa7 g5 29. Kh1 Qh6 30. Rxc7 Qxh4+ 31. Kg1 Rxc7 32. Qxc7 Qg3 33. Qxd6 Nxf3+ 34.
Kf1 Nh2+ 35. Kg1 Ng4 36. Qe6+ Kh8 37. Qe7 Qh2+ 38. Kf1 Ne3+ 39. Ke1 Qg1+ 40.
Kd2 Qxd1+ 41. Kc3 Rc8+ 42. Kb2 Rc2+ 43. Ka3 Qa1+ 0-1

[Event "Lichtenberger Sommer 2023"]
[Site "Berlin"]
[Date "2023.08.16"]
[Round "5.30"]
[White "Plump, Detlef"]
[Black "Wadepfuhl, Jeremy"]
[Result "0-1"]
[WhiteElo "2089"]
[BlackElo "1789"]
[PlyCount "78"]
[EventDate "2023.??.??"]
[WhiteTeam "Bremer SG von 1877"]
[BlackTeam "SC Borussia Lichtenberg"]

1. e4 e5 2. Nf3 Nc6 3. d4 exd4 4. Nxd4 Nf6 5. Nxc6 bxc6 6. e5 Qe7 7. Qe2 Nd5 8.
c4 Ba6 9. b3 g6 10. Bb2 Bg7 11. Nd2 Nb4 12. Nf3 O-O 13. a3 Nd5 14. O-O-O Rab8
15. Qc2 Nf4 16. g3 Ne6 17. Bg2 c5 18. Rhe1 Rb6 19. Rd3 Rfb8 20. Red1 Bc8 21.
Kb1 Nd4 22. Nxd4 cxd4 23. Bxd4 Qxa3 24. Bxb6 Rxb6 25. Qa2 Qc5 26. f4 d6 27. Rd4
h5 28. Be4 Kh7 29. Kc2 dxe5 30. fxe5 Bxe5 31. Rd5 Qf2+ 32. R1d2 Qf6 33. Qxa7
Ra6 34. Qe3 Ra2+ 35. Kb1 Ra1+ 36. Kc2 Bd6 37. Qf3 Ra2+ 38. Kd1 Qa1+ 39. Ke2 Bg4
0-1

[Event "Lichtenberger Sommer 2023"]
[Site "Berlin"]
[Date "2023.08.16"]
[Round "5.31"]
[White "Bolon, Karelle"]
[Black "Niechotz, Christopher"]
[Result "1-0"]
[WhiteElo "1899"]
[BlackElo "2074"]
[PlyCount "65"]
[EventDate "2023.??.??"]
[WhiteTeam "SF Berlin 1903 e.V."]
[BlackTeam "SC Kreuzberg e.V."]

1. d4 Nf6 2. c4 g6 3. g3 c5 4. d5 d6 5. Nc3 Bg7 6. Bg2 O-O 7. Nf3 e6 8. O-O
exd5 9. cxd5 a6 10. a4 Re8 11. Bf4 Nh5 12. Bd2 Nd7 13. e4 Rb8 14. Rb1 b5 15.
axb5 axb5 16. b4 c4 17. Re1 Ne5 18. Nxe5 Bxe5 19. Rc1 Bd7 20. Be3 Ra8 21. f4
Bg7 22. Bd4 Ra3 23. Bxg7 Nxg7 24. Qd4 Qa8 25. Kh1 Qa7 26. Qd2 h5 27. f5 Re5 28.
fxg6 fxg6 29. h3 Kh7 30. Rf1 Be8 31. Rf8 Rb3 32. h4 Qa3 33. Qh6+ 1-0

[Event "Lichtenberger Sommer 2023"]
[Site "Berlin"]
[Date "2023.08.16"]
[Round "5.32"]
[White "Heuser, Philip"]
[Black "Eis, Cedric"]
[Result "1-0"]
[WhiteElo "2061"]
[BlackElo "1557"]
[PlyCount "127"]
[EventDate "2023.??.??"]
[WhiteTeam "Münchener SC 1836 e.V."]
[BlackTeam "SF Berlin 1903 e.V."]

1. d4 Nf6 2. Nf3 e6 3. c4 d5 4. Nc3 c6 5. Bg5 Be7 6. e3 h6 7. Bf4 Nbd7 8. h3
O-O 9. Bd3 dxc4 10. Bxc4 b5 11. Bd3 Bb7 12. O-O a6 13. a4 b4 14. Ne4 Nxe4 15.
Bxe4 Nf6 16. Bd3 c5 17. dxc5 Bxc5 18. Qe2 Nd5 19. Be5 Be7 20. Rfd1 Bf6 21. e4
Nb6 22. Bb5 Qe7 23. Bd6 Qd8 24. Be5 Qe7 25. Bd6 Qd8 26. Bxb4 Qb8 27. Bxf8 Qxf8
28. Bd3 Nd7 29. Rac1 Nc5 30. e5 Bxf3 31. Qxf3 Nxd3 32. Rxd3 Bxe5 33. Rd7 Rb8
34. b3 f5 35. Qe2 Qf6 36. Re1 Bc3 37. Qxe6+ Qxe6 38. Rxe6 a5 39. Rd5 Rxb3 40.
Rxf5 Ra3 41. Rc6 Bb4 42. h4 Rxa4 43. h5 Ra1+ 44. Kh2 Re1 45. Rc8+ Kh7 46. Rd5
Re7 47. Rdd8 g5 48. Rh8+ Kg7 49. Rcg8+ Kf7 50. Rf8+ Kg7 51. Rfg8+ Kf7 52. Rg6
a4 53. Rh7+ Kf8 54. Rh8+ Kf7 55. Rh7+ Kf8 56. Rxe7 Kxe7 57. Rxh6 a3 58. Ra6 Kf7
59. Kh3 Bc5 60. f3 Bb4 61. Kg4 Be7 62. Kf5 Kg7 63. Ra7 Kf8 64. Kg6 1-0

[Event "Lichtenberger Sommer 2023"]
[Site "Berlin"]
[Date "2023.08.16"]
[Round "5.33"]
[White "Pueschel, Werner"]
[Black "Mazurtsova, Margarita"]
[Result "1-0"]
[WhiteElo "2054"]
[BlackElo "1526"]
[PlyCount "69"]
[EventDate "2023.??.??"]
[WhiteTeam "vereinslos"]
[BlackTeam "SC Kreuzberg e.V."]

1. b3 e6 2. Bb2 Nf6 3. e3 d5 4. f4 c5 5. Nf3 Nc6 6. Bb5 Bd7 7. Bxc6 Bxc6 8. O-O
Be7 9. Ne5 O-O 10. Nxc6 bxc6 11. Qe2 Rb8 12. d3 Nd7 13. e4 Qc7 14. Nd2 Rfe8 15.
Qg4 Nf6 16. Qf3 Qb6 17. Kh1 Rbd8 18. Rad1 Qc7 19. a4 Qb8 20. Bc3 d4 21. Ba5 Rc8
22. Nc4 Nd7 23. Qh5 g6 24. Qh3 Bf8 25. g4 Bg7 26. e5 Re7 27. g5 Qa8 28. Nd6 Rb8
29. Bc7 Rb4 30. Ne4 Re8 31. Bd6 Bf8 32. Bxf8 Nxf8 33. Nf6+ Kg7 34. Qh6+ Kh8 35.
Rf3 1-0

[Event "Lichtenberger Sommer 2023"]
[Site "Berlin"]
[Date "2023.08.16"]
[Round "5.34"]
[White "Braeunlin, Herbert"]
[Black "Zesewitz, Marco"]
[Result "1-0"]
[WhiteElo "2040"]
[BlackElo "1427"]
[PlyCount "43"]
[EventDate "2023.??.??"]
[WhiteTeam "Bräunlin Kolb Schälicke Al"]
[BlackTeam "SV SF Friedrichshagen"]

1. e4 d6 2. d4 Nf6 3. Nc3 c6 4. a4 Qa5 5. Bd3 e5 6. Nge2 Nbd7 7. Bd2 Qc7 8. f4
Be7 9. a5 O-O 10. O-O exd4 11. Nxd4 Nc5 12. Qf3 Nxd3 13. Qxd3 d5 14. e5 Ne8 15.
Kh1 g6 16. f5 Qxe5 17. Rae1 Qd6 18. Bh6 Ng7 19. Bxg7 Kxg7 20. Rxe7 Bxf5 21.
Nxf5+ gxf5 22. Rxb7 1-0

[Event "Lichtenberger Sommer 2023"]
[Site "Berlin"]
[Date "2023.08.16"]
[Round "5.35"]
[White "Matitschka, Heinz"]
[Black "Witte, Ronald"]
[Result "1/2-1/2"]
[WhiteElo "1883"]
[BlackElo "1973"]
[PlyCount "95"]
[EventDate "2023.??.??"]
[WhiteTeam "TSG Oberschöneweide e.V."]
[BlackTeam "BSV 63 Chemie Weißensee"]

1. d4 d5 2. c4 c6 3. cxd5 cxd5 4. Bf4 Nc6 5. e3 Bf5 6. Nc3 Nf6 7. Qb3 Na5 8.
Qa4+ Bd7 9. Qc2 e6 10. Bd3 Rc8 11. Nge2 Be7 12. O-O h6 13. h3 O-O 14. Bh2 Nc4
15. Bxc4 Rxc4 16. Qd3 Rc8 17. Rfc1 Qa5 18. Rc2 Rc6 19. Nc1 Rfc8 20. Nb3 Qb4 21.
Rac1 a5 22. Be5 b6 23. Nd2 a4 24. a3 Qa5 25. Ne2 Qa8 26. Rxc6 Rxc6 27. Rxc6
Qxc6 28. Qc3 b5 29. Qxc6 Bxc6 30. f3 Ne8 31. Nf4 b4 32. Nb1 bxa3 33. Nxa3 Nd6
34. Bxd6 Bxd6 35. Nd3 f6 36. Kf2 Kf7 37. Ke2 e5 38. Kd2 exd4 39. exd4 Ke6 40.
Ke3 g5 41. Nc2 Bb5 42. Ncb4 Bh2 43. Kf2 h5 44. Nc5+ Kd6 45. Nb7+ Kc7 46. Nc5
Kd6 47. Nb7+ Kc7 48. Nc5 1/2-1/2

[Event "Lichtenberger Sommer 2023"]
[Site "Berlin"]
[Date "2023.08.16"]
[Round "5.36"]
[White "Bauder, Herbert"]
[Black "Schülke, Rosalie"]
[Result "1/2-1/2"]
[WhiteElo "1926"]
[BlackElo "1387"]
[PlyCount "42"]
[EventDate "2023.??.??"]
[WhiteTeam "SG Lasker Steglitz"]
[BlackTeam "SV Königsjäger Süd-West e.V."]

1. d4 d5 2. Nf3 e6 3. c4 c6 4. Nc3 dxc4 5. e4 b5 6. Bg5 Be7 7. Bxe7 Qxe7 8. Be2
Bb7 9. O-O Nf6 10. e5 Nd5 11. Ne4 O-O 12. Qd2 Nd7 13. b3 cxb3 14. axb3 a6 15.
Rfc1 Rfd8 16. Nc5 Nxc5 17. Rxc5 Nb6 18. Rc2 Nd5 19. Rc5 Nb6 20. Rc2 Nd5 21. Rc5
Nb6 1/2-1/2

[Event "Lichtenberger Sommer 2023"]
[Site "Berlin"]
[Date "2023.08.16"]
[Round "5.37"]
[White "Muskewitz, Bernd"]
[Black "Heß, Jürgen"]
[Result "1-0"]
[WhiteElo "1879"]
[BlackElo "1922"]
[PlyCount "75"]
[EventDate "2023.??.??"]
[WhiteTeam "SF Nordost Berlin"]
[BlackTeam "SG Arnstadt-Stadtilm"]

1. e4 e5 2. Nf3 Nc6 3. Bb5 a6 4. Ba4 Nf6 5. O-O b5 6. Bb3 Be7 7. Re1 d6 8. h3
O-O 9. c3 Na5 10. Bc2 c5 11. d4 Qc7 12. Be3 Nc4 13. Bc1 cxd4 14. b3 Nb6 15.
cxd4 Bb7 16. Bb2 Rac8 17. Bd3 exd4 18. Nxd4 Nbd7 19. Nd2 Ne5 20. Bc2 Nfd7 21.
Rc1 Bg5 22. g3 Bxd2 23. Qxd2 Qc5 24. Kf1 Qb6 25. f4 Nc6 26. Nf5 Nc5 27. Bxg7
Rfe8 28. Bb2 Ne6 29. Qe2 Ne7 30. Qg4+ Ng6 31. Nh6+ Kf8 32. f5 Nd4 33. Bxd4 Qxd4
34. fxg6 fxg6 35. Re2 Bxe4 36. Rxe4 Qxe4 37. Bxe4 Rxc1+ 38. Kf2 1-0

[Event "Lichtenberger Sommer 2023"]
[Site "Berlin"]
[Date "2023.08.16"]
[Round "5.38"]
[White "Nieber, Alexander"]
[Black "Hauer, Andreas"]
[Result "1-0"]
[WhiteElo "1843"]
[BlackElo "1912"]
[PlyCount "105"]
[EventDate "2023.??.??"]
[WhiteTeam "SG Aufbau Elbe Magdeburg"]
[BlackTeam "SC Turm Illingen"]

1. d4 d5 2. Nf3 Nf6 3. c4 e6 4. g3 Be7 5. Bg2 O-O 6. O-O dxc4 7. Ne5 c5 8. dxc5
Qc7 9. Nxc4 Qxc5 10. Qb3 Nbd7 11. Be3 Qc7 12. Nbd2 Nd5 13. Bd4 Bc5 14. Bxc5
Nxc5 15. Qa3 b6 16. Rac1 Qb8 17. e4 Nf6 18. e5 Nd5 19. Ne4 Nxe4 20. Bxe4 f6 21.
exf6 gxf6 22. Qd3 Kh8 23. Bxh7 Nb4 24. Qd4 Bb7 25. Qh4 Kg7 26. Rcd1 Nd5 27. Bb1
f5 28. Rfe1 Rf6 29. Ne5 Qd8 30. Qg5+ Kf8 31. Ng6+ Kf7 32. Nf4 Nxf4 33. Qxf4 Bd5
34. Rc1 Rc8 35. Rxc8 Qxc8 36. Rc1 Qh8 37. h4 Qh5 38. Bd3 e5 39. Qe3 Ke6 40. Be2
Qe8 41. Bc4 Bxc4 42. Rxc4 Qd7 43. Qc1 f4 44. g4 Qd5 45. Rc7 f3 46. Qc6+ Qxc6
47. Rxc6+ Ke7 48. Rxf6 Kxf6 49. Kf1 e4 50. Ke1 Ke5 51. Kd2 Kf4 52. g5 e3+ 53.
Ke1 1-0

[Event "Lichtenberger Sommer 2023"]
[Site "Berlin"]
[Date "2023.08.16"]
[Round "5.40"]
[White "Jeß, Arne"]
[Black "Böddeker, Henry"]
[Result "0-1"]
[WhiteElo "1824"]
[BlackElo "2063"]
[PlyCount "86"]
[EventDate "2023.??.??"]
[WhiteTeam "TSG Rot-Weiß Fredersdorf/Vogelsd"]
[BlackTeam "SF Berlin 1903 e.V."]

1. e4 d6 2. d4 Nf6 3. Nc3 e5 4. Nf3 Nbd7 5. Bc4 Be7 6. O-O O-O 7. Re1 c6 8. a4
a5 9. h3 Nb6 10. Bf1 exd4 11. Nxd4 d5 12. e5 Ne8 13. Nf3 Nc7 14. Ne2 Ne6 15. b3
Nd7 16. c3 f6 17. Ned4 Nxe5 18. Nxe6 Bxe6 19. Nxe5 fxe5 20. Rxe5 Bf5 21. Bd3
Bxd3 22. Qxd3 Bd6 23. Re2 Qf6 24. Qd4 Qf5 25. Be3 Rae8 26. Qd2 Re4 27. Bd4 Rxe2
28. Qxe2 c5 29. Be3 Qe5 30. g3 Qxc3 31. Rf1 Qxb3 32. Bh6 d4 33. Qg4 Qf7 34.
Bxg7 Qxg7 35. Qe6+ Kh8 36. Qxd6 c4 37. Qc5 c3 38. Rd1 Rd8 39. Qxa5 Qf6 40. Qc7
d3 41. a5 d2 42. Qc5 Qd4 43. Qc7 Rf8 0-1

[Event "Lichtenberger Sommer 2023"]
[Site "Berlin"]
[Date "2023.08.16"]
[Round "5.41"]
[White "Donath, Johann"]
[Black "Kretzschmar, Jan"]
[Result "1-0"]
[WhiteElo "2043"]
[BlackElo "1803"]
[PlyCount "65"]
[EventDate "2023.??.??"]
[WhiteTeam "BSV 63 Chemie Weißensee"]
[BlackTeam "SC Kreuzberg e.V."]

1. e4 c5 2. Nf3 e6 3. b3 b6 4. Bb2 Bb7 5. Nc3 a6 6. d4 cxd4 7. Nxd4 Qc7 8. Bd3
Nc6 9. Nxc6 Bxc6 10. Qd2 Nf6 11. f3 Be7 12. O-O-O b5 13. g4 Rc8 14. Ne2 d5 15.
e5 Nd7 16. f4 d4 17. Rhf1 Nc5 18. Nxd4 Nxd3+ 19. Qxd3 Bd5 20. f5 Bg5+ 21. Kb1
O-O 22. Qg3 Rfd8 23. h4 Bf6 24. Rfe1 Bb7 25. Rc1 Bd5 26. g5 Be7 27. g6 hxg6 28.
fxg6 f5 29. Qf2 Qb6 30. Qe2 Bxh4 31. Qh5 Bxe1 32. Qh7+ Kf8 33. Qh8+ 1-0

[Event "Lichtenberger Sommer 2023"]
[Site "Berlin"]
[Date "2023.08.16"]
[Round "5.42"]
[White "Jesse, Timo"]
[Black "Guder, Sibylle"]
[Result "1/2-1/2"]
[WhiteElo "2034"]
[BlackElo "1796"]
[PlyCount "81"]
[EventDate "2023.??.??"]
[WhiteTeam "ESV 1949 Eberswalde e.V."]
[BlackTeam "SF Berlin 1903 e.V."]

1. e4 c5 2. Nc3 d6 3. f4 g6 4. Nf3 Bg7 5. g3 Nc6 6. Bg2 e6 7. O-O Nge7 8. d3
O-O 9. Ne2 b5 10. Be3 Rb8 11. c3 b4 12. Qd2 bxc3 13. bxc3 Qc7 14. Rac1 Ba6 15.
g4 Rb6 16. f5 exf5 17. gxf5 gxf5 18. Ng3 f4 19. Bxf4 Ng6 20. Bh6 Bxh6 21. Qxh6
f6 22. Qd2 Rbb8 23. Nf5 Nce5 24. c4 Bc8 25. Bh3 Kh8 26. Kh1 Bxf5 27. exf5 Nxf3
28. Rxf3 Ne5 29. Rg3 Rg8 30. d4 cxd4 31. Qxd4 Rxg3 32. hxg3 Rg8 33. Qh4 Qg7 34.
Rc3 Rb8 35. Qe4 Qb7 36. Qxb7 Rxb7 37. a3 Rb1+ 38. Kh2 Rb2+ 39. Kg1 Kg7 40. Bg2
Kh6 41. Kh2 1/2-1/2

[Event "Lichtenberger Sommer 2023"]
[Site "Berlin"]
[Date "2023.08.16"]
[Round "5.43"]
[White "Keusch, Horst"]
[Black "Adamski, Adam"]
[Result "1/2-1/2"]
[WhiteElo "2000"]
[BlackElo "1761"]
[PlyCount "63"]
[EventDate "2023.??.??"]
[WhiteTeam "SC Friesen Lichtenberg e.V."]
[BlackTeam "Sparta Bialoleka"]

1. f4 d5 2. Nf3 g6 3. e3 Bg7 4. Be2 Nf6 5. O-O O-O 6. Ne5 d4 7. exd4 Qxd4+ 8.
Kh1 Nbd7 9. c3 Qd6 10. d4 c5 11. Be3 Nd5 12. dxc5 Nxc5 13. Bxc5 Qxc5 14. Nd3
Qc7 15. Qc1 Bf5 16. Na3 a6 17. Nc2 Rad8 18. Ne3 Bxd3 19. Bxd3 Nxf4 20. Bc2 Nd3
21. Qb1 Ne5 22. Qe1 Nd3 23. Qb1 Qe5 24. Nf5 gxf5 25. Bxd3 e6 26. Qc2 Qe3 27.
Rf3 Qe5 28. Raf1 Kh8 29. Qf2 Kg8 30. Rh3 Bf6 31. Re1 Qd6 32. Qf3 1/2-1/2

[Event "Lichtenberger Sommer 2023"]
[Site "Berlin"]
[Date "2023.08.16"]
[Round "5.44"]
[White "Steiger, Michael"]
[Black "Elyounis, Aalaa"]
[Result "1-0"]
[WhiteElo "1966"]
[BlackElo "1737"]
[PlyCount "115"]
[EventDate "2023.??.??"]
[WhiteTeam "SC Kreuzberg e.V."]
[BlackTeam "SC Zitadelle Spandau 1977 e.V."]

1. Nf3 Nf6 2. c4 g6 3. Nc3 Bg7 4. e4 d6 5. d4 O-O 6. Be2 Na6 7. O-O e5 8. d5
Nc5 9. Nd2 a5 10. b3 Ne8 11. Rb1 f5 12. a3 f4 13. b4 axb4 14. axb4 Nd7 15. Bg4
h5 16. Be6+ Kh7 17. f3 Bf6 18. Nb3 Ng7 19. Bh3 Bh4 20. c5 g5 21. c6 bxc6 22.
dxc6 Nf6 23. Bxc8 Qxc8 24. Nd5 g4 25. Nxf6+ Rxf6 26. Qd5 Ne6 27. Nd2 Ng5 28.
Bb2 g3 29. Ra1 Rb8 30. Bc3 Rg6 31. hxg3 Nh3+ 32. Kh1 Rxg3 33. Qf7+ Kh6 34. Nc4
Rg7 35. Qd5 Bg3 36. Bxe5 dxe5 37. Nxe5 Rxb4 38. Nd7 Ng5 39. Ra5 h4 40. Qf5 Qd8
41. Rd5 Qe7 42. Nf6 Rg6 43. Ng4+ Kh5 44. Rd7 Qxd7 45. cxd7 Rd6 46. Nf6+ Kh6 47.
Nd5 Rb2 48. d8=Q Rxd8 49. Qf6+ Kh5 50. Qxd8 Rc2 51. Qe8+ Kh6 52. Qh8+ Kg6 53.
Qf6+ Kh5 54. Nxf4+ Bxf4 55. Qxf4 h3 56. Qe5 Kh6 57. gxh3 c5 58. Rd1 1-0

[Event "Lichtenberger Sommer 2023"]
[Site "Berlin"]
[Date "2023.08.16"]
[Round "5.45"]
[White "Bruening, Wolfgang"]
[Black "Stärk, Elisa"]
[Result "0-1"]
[WhiteElo "1801"]
[BlackElo "1965"]
[PlyCount "46"]
[EventDate "2023.??.??"]
[WhiteTeam "vereinslos"]
[BlackTeam "SV Empor Berlin e.V."]

1. c4 Nf6 2. Nf3 g6 3. g3 Bg7 4. Bg2 O-O 5. O-O d6 6. Nc3 e5 7. d3 c6 8. Bg5 h6
9. Bxf6 Bxf6 10. Qd2 Bg7 11. d4 Bg4 12. Rfd1 Bxf3 13. exf3 exd4 14. Ne2 c5 15.
f4 Nc6 16. a4 a5 17. Ra3 Qe7 18. f5 g5 19. f4 Rfe8 20. Re1 Nb4 21. Raa1 Qe3+
22. Qxe3 Rxe3 23. Ra3 d3 0-1

[Event "Lichtenberger Sommer 2023"]
[Site "Berlin"]
[Date "2023.08.16"]
[Round "5.46"]
[White "Kuban, Andreas"]
[Black "Guenther, Thomas"]
[Result "1/2-1/2"]
[WhiteElo "1740"]
[BlackElo "1945"]
[PlyCount "37"]
[EventDate "2023.??.??"]
[WhiteTeam "SC Zugzwang 95 e.V."]
[BlackTeam "vereinslos"]

1. Nf3 Nf6 2. g3 b6 3. Bg2 Bb7 4. O-O e6 5. c4 Be7 6. d4 O-O 7. Re1 Qc8 8. Bg5
d5 9. cxd5 exd5 10. Nc3 Qe6 11. Bxf6 Qxf6 12. Ne5 Rd8 13. Qb3 Qe6 14. e4 dxe4
15. Qxe6 fxe6 16. Nxe4 Bd5 17. Rac1 c6 18. a3 a5 19. Rc3 1/2-1/2

[Event "Lichtenberger Sommer 2023"]
[Site "Berlin"]
[Date "2023.08.16"]
[Round "5.47"]
[White "Zesewitz, Martin"]
[Black "Skowronski, Peter"]
[Result "1-0"]
[WhiteElo "1916"]
[BlackElo "1728"]
[PlyCount "53"]
[EventDate "2023.??.??"]
[WhiteTeam "SV SF Friedrichshagen"]
[BlackTeam "vereinslos"]

1. f4 d5 2. Nf3 e6 3. e3 Nf6 4. b3 Be7 5. Bb2 O-O 6. Be2 c6 7. O-O b6 8. Qe1
Ba6 9. Ne5 Bxe2 10. Qxe2 Nfd7 11. d3 Bf6 12. Nd2 Bxe5 13. fxe5 c5 14. Rf3 Nc6
15. Rh3 g6 16. d4 f6 17. exf6 Nxf6 18. Rf1 Qe7 19. dxc5 bxc5 20. Qb5 Rac8 21.
Bxf6 Rxf6 22. Rxf6 Qxf6 23. Qb7 Ne7 24. Rf3 Qg7 25. Qd7 e5 26. Qe6+ Kh8 27. Rf7
1-0

[Event "Lichtenberger Sommer 2023"]
[Site "Berlin"]
[Date "2023.08.16"]
[Round "5.48"]
[White "Mannaberg, Steffen"]
[Black "Stein, Siegfried"]
[Result "1/2-1/2"]
[WhiteElo "1903"]
[BlackElo "1730"]
[PlyCount "210"]
[EventDate "2023.??.??"]
[WhiteTeam "vereinslos"]
[BlackTeam "SV Berolina Mitte e.V."]

1. d3 c5 2. c4 Nc6 3. Nc3 g6 4. g3 Bg7 5. Bg2 Nf6 6. e3 O-O 7. Nge2 a6 8. a3
Rb8 9. O-O b5 10. Nd5 bxc4 11. dxc4 Na5 12. Qa4 Nb3 13. Ra2 Nxd5 14. cxd5 d6
15. Nc3 Qb6 16. Qe4 Rb7 17. Qc2 Bd7 18. Re1 Rfb8 19. Bf1 Qa5 20. Bd2 Ba4 21.
Nxa4 Nxd2 22. Re2 Nxf1 23. Kxf1 Rb3 24. Qc4 R8b5 25. Rc2 Bf6 26. Ke2 Qc7 27.
Nc3 Bxc3 28. bxc3 Qa5 29. a4 Rb7 30. e4 Qb6 31. a5 Qb5 32. Kd3 Kf8 33. f4 Rb1
34. Qxb5 R7xb5 35. Re2 Rb7 36. Kc2 R1b5 37. c4 Rb4 38. Kc3 Rb3+ 39. Kc2 R7b4
40. e5 Rf3 41. Rb2 Rxc4+ 42. Kb1 Rf1+ 43. Ka2 Ra4+ 44. Kb3 Rxa5 45. Ra2 Rb5+
46. Kc2 a5 47. Ra4 Rfb1 48. Ra2 R1b4 49. exd6 exd6 50. Kc3 Rd4 51. f5 gxf5 52.
Rf2 a4 53. Rxf5 Rb3+ 54. Kc2 Re3 55. Rf2 a3 56. Rd2 Rc4+ 57. Kd1 Rb4 58. Kc2
Rbe4 59. Kd1 Ke7 60. Kc2 f5 61. Rd3 Rxd3 62. Kxd3 Rd4+ 63. Kc3 Rxd5 64. Rxa3
Kf6 65. Ra4 Re5 66. Rh4 Kg6 67. Kd3 h5 68. Ra4 Kg5 69. h4+ Kf6 70. Ra6 Rd5+ 71.
Kc3 Rd4 72. Ra8 Rg4 73. Rf8+ Kg6 74. Rd8 Rd4 75. Rg8+ Kf7 76. Rg5 f4 77. gxf4
Rxf4 78. Rxh5 Rf6 79. Kc4 Ke6 80. Rh8 Rf4+ 81. Kb5 c4 82. Rh6+ Ke5 83. Kb4 d5
84. Rh8 Kd4 85. h5 Rh4 86. h6 c3 87. h7 Kd3+ 88. Kb3 d4 89. Rg8 Rxh7 90. Rg3+
Ke2 91. Kc2 Rh2 92. Rd3 Ke1+ 93. Kc1 Rd2 94. Rh3 Rf2 95. Rd3 Rf4 96. Kc2 Ke2
97. Rh3 Rf3 98. Rh2+ Rf2 99. Rh3 Ke1+ 100. Kc1 Rd2 101. Rh1+ Ke2 102. Rh3 d3
103. Rh8 Ra2 104. Rh2+ Ke1 105. Rh1+ Ke2 1/2-1/2

[Event "Lichtenberger Sommer 2023"]
[Site "Berlin"]
[Date "2023.08.16"]
[Round "5.49"]
[White "Omar, Samy"]
[Black "Bade, Heidrun"]
[Result "1-0"]
[WhiteElo "1896"]
[BlackElo "1722"]
[PlyCount "114"]
[EventDate "2023.??.??"]
[WhiteTeam "vereinslos"]
[BlackTeam "USV Potsdam e.V., Abt. Schach"]

1. d4 d5 2. Bf4 Nf6 3. e3 e6 4. Nd2 c5 5. c3 Nbd7 6. Bd3 Be7 7. Ngf3 b6 8. O-O
Bb7 9. Ne5 O-O 10. Qf3 Rc8 11. Qh3 Ne4 12. f3 Nef6 13. g4 g6 14. Bh6 Re8 15. f4
Nf8 16. Bb5 Rc7 17. f5 N6d7 18. fxe6 Nxe5 19. dxe5 Nxe6 20. Bxe8 Qxe8 21. Qf3
Ng5 22. Qg3 Ne6 23. h3 Qd8 24. Nf3 d4 25. Rad1 Rd7 26. Rfe1 dxc3 27. Rxd7 Qxd7
28. bxc3 Ba6 29. Qf2 Bd3 30. Rd1 c4 31. Nd4 Nd8 32. Qf3 Qb7 33. Qxb7 Nxb7 34.
Nc6 Bc5 35. Nxa7 Nd8 36. Kf2 Ne6 37. Nc6 Bf8 38. Bxf8 Kxf8 39. Nd4 Nc5 40. Kf3
Ne4 41. Rc1 Ng5+ 42. Kg3 Ke7 43. h4 Ne4+ 44. Kf4 h6 45. Nc6+ Ke6 46. Nd8+ Ke7
47. Nc6+ Ke6 48. Nd4+ Ke7 49. Nb5 Ke6 50. Nc7+ Ke7 51. Nd5+ Ke6 52. Nxb6 g5+
53. hxg5 hxg5+ 54. Kf3 Kxe5 55. a4 Nd6 56. a5 Be4+ 57. Ke2 Bb7 1-0

[Event "Lichtenberger Sommer 2023"]
[Site "Berlin"]
[Date "2023.08.16"]
[Round "5.50"]
[White "Regel, Michael"]
[Black "Seth, Aakrit"]
[Result "0-1"]
[WhiteElo "1722"]
[BlackElo "1894"]
[PlyCount "80"]
[EventDate "2023.??.??"]
[WhiteTeam "SC Friesen Lichtenberg e.V."]
[BlackTeam "SC Weisse Dame e.V."]

1. Nf3 d5 2. e3 Nf6 3. c4 e6 4. Nc3 Be7 5. b3 O-O 6. Bb2 Nbd7 7. Be2 b6 8. cxd5
exd5 9. O-O Bb7 10. d4 Rc8 11. Rc1 c5 12. Bd3 c4 13. Bb1 a6 14. bxc4 dxc4 15.
a4 b5 16. axb5 axb5 17. Nxb5 Qb6 18. Ba3 Qxb5 19. Bxe7 Rfe8 20. Bxf6 Nxf6 21.
Ne5 Nd7 22. Bxh7+ Kxh7 23. Qh5+ Kg8 24. Qxf7+ Kh8 25. Qh5+ Kg8 26. Qf7+ Kh8 27.
Qxd7 Rxe5 28. Qxb5 Rxb5 29. Rc3 Rb3 30. Rfc1 Rxc3 31. Rxc3 Be4 32. f3 Bd3 33.
Kf2 Rb8 34. Ke1 Rb2 35. d5 Rxg2 36. e4 Re2+ 37. Kd1 Rf2 38. e5 Ra2 39. d6 Kg8
40. e6 Kf8 0-1